Statistiques concernant Harry Potter: les Nimbus 2001

Cliquez ici pour prendre le quiz!

Statistiques générales

  • Ce quiz a été pris 45 fois
  • Le résultat moyen est 7 sur 8

Statistiques - réponses

InformationRéponses% Correct
Première apparitionHarry Potter et la Chambre des Secrets
97%
UtilisationBalai
95%
MarqueNimbus
95%
Dernière apparitionHarry Potter et le Prisonnier D'Azkaban
90%
Année de fabrication1992
85%
PropriétaireDrago Malefoy
79%
AcheteurLucius Malefoy
79%
PropriétairesToute l'équipe de Quidditch de Serpentard
77%

Distribution des résultats

Percentile par nombre de réponses

% des personnes avec chaque résultat

Votre développement - résultats

Vous n’avez pas pris ce quiz